Statistics for Страны, начинающиеся на букву А

Click here to take the quiz!

General Stats

  • This quiz has been taken 2 524 times
  • The average score is 7 of 11

Answer Stats

Страна% Correct
Австралия
84%
Австрия
79%
Армения
71%
Албания
68%
Аргентина
68%
Андорра
67%
Азербайджан
64%
Ангола
64%
Алжир
63%
Афганистан
52%
Антигуа и Барбуда
32%

Score Distribution

Percentile by Number Answered

Percent of People with Each Score

Your Score History

You have not taken this quiz